Things that begin with E - Statistics

General Stats
  • This quiz has been taken 202 times
  • The average score is 10 of 15
Answer Stats
Hint Answer % Correct
Most spoken language English
99%
Currency of most of Europe Euro
97%
After the afternoon Evening
97%
Purple vegtable Eggplant
94%
3rd planet from the sun Earth
92%
When the moon blocks the sun Eclipse
91%
Capital of Scotland Edinburgh
77%
The resurrection of Jesus Easter
61%
Ireland's celtic name Éire
59%
River flowing through Turkey, Syria and Iraq Euphrates
53%
Put to death for a crime Execution
52%
Fatal disease with symptoms of internal bleeding and fever Ebola
43%
2nd oldest christian country Ethiopia
41%
Nickname of the above Emerald Isle
35%
One of two monotremes Echidna
19%
No matching quizzes found
Score Distribution
Percent of People with Each Score
Percentile by Number Answered
Your Score History
You have not taken this quiz